[Event "Titled Tue 10th Jun Late"]
[Site "chess.com INT"]
[Date "2025.06.10"]
[Round "7"]
[White "Srihari, L R"]
[Black "Melian, Juan Sebastian"]
[Result "1-0"]
[WhiteTitle "IM"]
[BlackTitle "FM"]
[WhiteElo "2480"]
[BlackElo "2358"]
[WhiteFideId "46617116"]
[BlackFideId "3706575"]
[EventDate "2025.06.10"]

1. e4 c6 2. Nf3 d5 3. d3 Bg4 4. h3 Bxf3 5. Qxf3 e6 6. g3 Nd7 7. Bg2 Bc5 8. O-O
Ne7 9. Qe2 O-O 10. c3 e5 11. Kh2 dxe4 12. dxe4 a5 13. a4 Qc7 14. Nd2 Rad8 15.
Nc4 b6 16. h4 Nf6 17. Bg5 Ne8 18. Bd2 Nf6 19. Rad1 Nc8 20. Bg5 Qe7 21. f4 exf4
22. Rxf4 Rxd1 23. Qxd1 Qe6 24. Bxf6 Qxc4 25. Qg4 g6 26. Qg5 Re8 27. e5 Qe6 28.
Bh3 Qd5 29. h5 Qd2+ 30. Bg2 Qd7 31. hxg6 fxg6 32. Rh4 Bf8 33. Bh3 Qd1 34. e6
Qe2+ 35. Bg2 Rxe6 36. Bd4 Ne7 37. Bxb6 Nf5 38. Rf4 Bh6 39. Qd8+ Re8 40. Re4 Qxe4
41. Bxe4 Rxd8 42. Bxd8 Bc1 43. b3 Bd2 44. Bxa5 Nd4 45. Bb6 Nxb3 46. a5 Bxc3 47.
a6 1-0

[Event "Titled Tue 10th Jun Late"]
[Site "chess.com INT"]
[Date "2025.06.10"]
[Round "7"]
[White "Dubnevych, Maksym"]
[Black "Bulgak, Damir"]
[Result "0-1"]
[WhiteTitle "FM"]
[WhiteElo "2296"]
[BlackElo "2213"]
[WhiteFideId "14184001"]
[BlackFideId "13528882"]
[EventDate "2025.06.10"]

1. Nc3 Nf6 2. e4 d5 3. e5 Nfd7 4. d4 e6 5. Nce2 c5 6. c3 Nc6 7. Nf3 Qb6 8. a3
Be7 9. Nf4 cxd4 10. cxd4 g5 11. Ne2 g4 12. Nfg1 f6 13. exf6 Bxf6 14. h3 Nxd4 15.
Be3 e5 16. hxg4 Qxb2 17. Rb1 Nc2+ 18. Kd2 Nxe3+ 19. Rxb2 Nxd1 20. Kxd1 Nc5 21.
Ng3 Bxg4+ 22. f3 Be6 23. Nh5 O-O 24. Nh3 Be7 25. Nf2 e4 26. Re2 exf3 27. gxf3
Rxf3 28. Rg1+ Kh8 29. Ng7 Rg8 30. Bg2 Rxg7 31. Bxf3 Rxg1+ 32. Kc2 d4 33. Nd3 Bf5
34. Rxe7 Bxd3+ 35. Kd2 Bg6 36. Rc7 Nb3+ 37. Ke2 d3+ 38. Kf2 Rc1 39. Rxb7 Nd4 40.
Bg4 d2 41. Rb8+ Kg7 42. Rb7+ Kf6 43. Rd7 d1=Q 44. Bxd1 Rxd1 45. Rxa7 Rd2+ 46.
Ke3 Rd3+ 47. Kf4 Rf3+ 48. Kg4 Bf5+ 49. Kh4 Rh3# 0-1

[Event "Titled Tue 10th Jun Late"]
[Site "chess.com INT"]
[Date "2025.06.10"]
[Round "7"]
[White "Rustemov, Alexander"]
[Black "Mizzi, Jack"]
[Result "1-0"]
[WhiteTitle "GM"]
[BlackTitle "CM"]
[WhiteElo "2525"]
[BlackElo "2107"]
[WhiteFideId "4119002"]
[BlackFideId "5602521"]
[EventDate "2025.06.10"]

1. d4 Nf6 2. c4 e6 3. Nf3 d5 4. cxd5 exd5 5. Nc3 Nbd7 6. Bf4 c6 7. h3 Bb4 8. Rc1
h6 9. a3 Bxc3+ 10. Rxc3 Ne4 11. Rc1 O-O 12. e3 Ndf6 13. Bd3 Qa5+ 14. Nd2 Bf5 15.
Be2 Rfe8 16. f3 Nxd2 17. Qxd2 Qxd2+ 18. Kxd2 a5 19. g4 Bh7 20. b3 Nd7 21. h4 a4
22. b4 Rac8 23. Rc3 Nb6 24. Rhc1 f6 25. b5 Re6 26. h5 Kf7 27. Rc5 Ke8 28. bxc6
bxc6 29. Ra5 Ra8 30. Rxa8+ Nxa8 31. Rc5 Nb6 32. Ra5 Re7 33. Bd6 Rd7 34. Bc5 Nc4+
35. Bxc4 dxc4 36. Rxa4 Rb7 37. Ra8+ Kf7 38. Ra7 Rxa7 39. Bxa7 Ke6 40. Bc5 g6 41.
Bf8 f5 42. Bxh6 fxg4 43. fxg4 gxh5 44. gxh5 Kd5 45. Bf8 Ke6 46. a4 Kd7 47. Kc3
Bd3 48. h6 Kc7 49. Kb4 Kb6 50. Bd6 Ka6 51. Bg3 Be2 52. h7 1-0

[Event "Titled Tue 10th Jun Late"]
[Site "chess.com INT"]
[Date "2025.06.10"]
[Round "7"]
[White "Kucza, Karol"]
[Black "Klys, Kacper"]
[Result "0-1"]
[WhiteTitle "FM"]
[WhiteElo "2316"]
[BlackElo "2218"]
[WhiteFideId "1159755"]
[BlackFideId "21005281"]
[EventDate "2025.06.10"]

1. e4 c5 2. Nf3 Nc6 3. Nc3 e5 4. Bc4 Be7 5. d3 d6 6. O-O Bg4 7. h3 Bh5 8. Nd5
Nf6 9. c3 O-O 10. Nxf6+ Bxf6 11. g4 Bg6 12. Be3 Kh8 13. Kg2 Ne7 14. g5 Bh5 15.
gxf6 Ng6 16. fxg7+ Kxg7 17. Kh2 Qf6 18. Bg5 Qxf3 19. Qxf3 Bxf3 20. Rg1 h6 21.
Be3 Kh7 22. Rg3 Bh5 23. Bd5 Rab8 24. b4 b6 25. a4 a5 26. Rb1 Nf4 27. Bc4 Ne2 28.
bxc5 bxc5 29. Rxb8 Rxb8 30. Rg2 Bf3 31. Bxf7 Bxg2 32. Kxg2 Nxc3 33. f4 Nxa4 34.
fxe5 dxe5 35. Kg3 Rd8 36. Bc4 Nb2 37. Bd5 Nxd3 38. Kg4 Rf8 39. Bc4 Nb2 40. Be6
c4 41. Bf5+ Kg7 42. Kh5 Rf6 43. Bd2 Na4 44. Bxa5 c3 0-1

[Event "Titled Tue 10th Jun Late"]
[Site "chess.com INT"]
[Date "2025.06.10"]
[Round "7"]
[White "Buchenau, Frank"]
[Black "Ferreira, Vitor Hugo Vieira"]
[Result "1-0"]
[WhiteTitle "FM"]
[WhiteElo "2205"]
[BlackElo "2128"]
[WhiteFideId "4604350"]
[BlackFideId "2119765"]
[EventDate "2025.06.10"]

1. e4 c5 2. g3 Nc6 3. Bg2 Nf6 4. Ne2 g6 5. O-O Bg7 6. c3 O-O 7. d4 cxd4 8. cxd4
d5 9. e5 Ne8 10. Nbc3 Nc7 11. Nf4 e6 12. b3 f6 13. Ba3 Rf7 14. exf6 Bxf6 15.
Nce2 Nb5 16. Bb2 Bd7 17. Qd3 Nd6 18. h4 Rc8 19. Rac1 Nb4 20. Qd2 Qb6 21. Rxc8+
Bxc8 22. Ba3 a5 23. Rc1 Bd7 24. Rc5 Ne4 25. Bxe4 dxe4 26. Bxb4 axb4 27. Qc2 Be7
28. Rc4 Bb5 29. Rc8+ Kg7 30. Qxe4 Bd7 31. Rc2 Bf6 32. d5 exd5 33. Nxd5 Qd6 34.
Nxf6 Rxf6 35. Qd4 Qe7 36. Nf4 Bc6 37. Re2 Qf7 38. Re6 Bd7 39. Rxf6 Qxf6 40.
Qxd7+ Kh6 41. Qd5 Qa1+ 42. Kg2 Qc3 43. Qg5+ Kg7 44. h5 Qc6+ 45. Kh2 Kf8 46. hxg6
hxg6 47. Nxg6+ Ke8 48. Ne5 Qc2 49. Qg8+ Ke7 50. Qf7+ Kd6 51. Nc4+ Kc5 52. Qe7+
Kd4 53. Qe3+ Kd5 54. Qg5+ Kc6 55. Qf6+ Kd7 56. Kg2 b5 57. Ne5+ Kc8 58. Qc6+
Qxc6+ 59. Nxc6 Kc7 60. Nxb4 Kb6 61. g4 Kc5 62. Nc2 Kd5 63. g5 Ke4 64. Na3 Kd3
65. Nxb5 1-0

[Event "Titled Tue 10th Jun Late"]
[Site "chess.com INT"]
[Date "2025.06.10"]
[Round "7"]
[White "Mayaud, Raphael"]
[Black "Ferraz, Michel Liah"]
[Result "0-1"]
[WhiteTitle "CM"]
[WhiteElo "2126"]
[BlackElo "2007"]
[WhiteFideId "627151"]
[BlackFideId "22743219"]
[EventDate "2025.06.10"]

1. d4 Nf6 2. Bg5 h6 3. Bxf6 exf6 4. e3 d5 5. g3 Bf5 6. Bg2 c6 7. Ne2 Be7 8. Nd2
O-O 9. O-O Nd7 10. c4 a5 11. cxd5 cxd5 12. Bxd5 Rc8 13. Nc3 Qb6 14. Qb3 Qd6 15.
Rfc1 b6 16. Nb5 Qb8 17. Nc4 Bg6 18. Bf3 Rfd8 19. a3 Nf8 20. Rc3 Ne6 21. Rac1 Ng5
22. Bg2 Ne4 23. Bxe4 Bxe4 24. Nd2 Rxc3 25. Qxc3 Qa8 26. Nxe4 Qxe4 27. Qc6 Qd3
28. Qc4 Qf5 29. Nc7 h5 30. Qc2 Qf3 31. Nb5 h4 32. Qd1 Qf5 33. Nc3 h3 34. Qe2 Rc8
35. e4 Qg5 36. f4 Qg6 37. d5 Bc5+ 38. Kf1 f5 39. e5 Bd4 40. Na2 Rd8 41. d6 Qe6
42. Qc4 Qd7 43. Qxd4 Qb5+ 0-1

[Event "Titled Tue 10th Jun Late"]
[Site "chess.com INT"]
[Date "2025.06.10"]
[Round "7"]
[White "Annaberdiyev, Meylis"]
[Black "Mai, Alexander Oliver"]
[Result "1-0"]
[WhiteTitle "GM"]
[BlackTitle "CM"]
[WhiteElo "2436"]
[BlackElo "2171"]
[WhiteFideId "14000563"]
[BlackFideId "2313391"]
[EventDate "2025.06.10"]

1. e4 c5 2. Nf3 d6 3. d4 cxd4 4. Qxd4 Nc6 5. Bb5 Bd7 6. Bxc6 Bxc6 7. Nc3 Nf6 8.
Bg5 e6 9. O-O-O Be7 10. Rhe1 O-O 11. Kb1 a6 12. Qd3 Qc7 13. Nd4 Rfd8 14. h4 b5
15. f3 b4 16. Qc4 bxc3 17. Qxc6 Qa5 18. Nb3 Qb4 19. a3 Qb8 20. Qxc3 Rc8 21. Qd2
Qb5 22. Qd3 Qc6 23. Nd4 Qb7 24. Bc1 d5 25. Qb3 Qc7 26. exd5 Nxd5 27. Nxe6 fxe6
28. Rxe6 Rab8 29. Qxd5 Qxc2+ 30. Ka1 Kf8 31. Rde1 Re8 32. h5 Rbd8 33. Qe4 Qxe4
34. R6xe4 Kf7 35. h6 gxh6 36. Bxh6 Rg8 37. Rxe7+ Kg6 38. R1e6+ Kh5 39. g4+ Kh4
40. Bf4 h5 41. Rh7 Rd5 42. Re2 Rd1+ 43. Ka2 Rh1 44. Rxh5# 1-0

[Event "Titled Tue 10th Jun Late"]
[Site "chess.com INT"]
[Date "2025.06.10"]
[Round "7"]
[White "Varela La Madrid, Maria"]
[Black "Sava, Robert-Gabriel"]
[Result "0-1"]
[WhiteTitle "WFM"]
[BlackTitle "CM"]
[WhiteElo "1981"]
[BlackElo "2121"]
[WhiteFideId "3903346"]
[BlackFideId "1265725"]
[EventDate "2025.06.10"]

1. e4 e6 2. d4 d5 3. e5 c5 4. c3 Nc6 5. Nf3 Qb6 6. Be2 cxd4 7. cxd4 Bd7 8. O-O
Nge7 9. Na3 Nf5 10. Nc2 Be7 11. a3 Rc8 12. b4 O-O 13. g4 Nh4 14. Nxh4 Bxh4 15.
g5 Qd8 16. f4 f6 17. gxf6 gxf6 18. Kh1 fxe5 19. Rg1+ Kh8 20. fxe5 Ne7 21. Bh6
Nf5 22. Bxf8 Qxf8 23. Bd3 Ba4 24. Rc1 Nxd4 25. Qh5 Nf5 26. Bxf5 exf5 27. Qxh4
Bxc2 28. h3 f4 29. Kh2 f3 30. Qf6+ Qxf6 31. exf6 d4 32. Kg3 d3 33. Kxf3 d2 34.
Rxc2 Rxc2 35. Rd1 Kg8 36. Ke2 Kf7 37. Rxd2 Rxd2+ 38. Kxd2 Kxf6 39. Ke3 Kg5 40.
Kf3 Kh4 41. Kg2 b5 42. Kh2 Kg5 43. Kg3 h6 44. h4+ Kf5 45. Kf3 h5 46. Kg3 Ke4 47.
Kf2 Kf4 48. Ke2 Kg4 49. Kd2 Kxh4 50. Kd3 Kg4 51. Kd4 h4 52. Kc5 h3 53. Kxb5 h2
54. Ka6 h1=Q 55. b5 Qa1 56. Kxa7 Qxa3+ 57. Kb7 Qe7+ 58. Ka6 Qd8 59. b6 Qb8 60.
b7 Kf5 61. Kb5 Ke6 62. Kc6 Ke7 63. Kb6 Kd7 64. Ka6 Kc7 65. Ka5 Qxb7 66. Ka4 Kc6
67. Ka3 Kc5 68. Ka2 Kc4 69. Ka3 Qb3# 0-1

[Event "Titled Tue 10th Jun Late"]
[Site "chess.com INT"]
[Date "2025.06.10"]
[Round "7"]
[White "Vykouk, Jan"]
[Black "Paravyan, David"]
[Result "0-1"]
[WhiteTitle "IM"]
[BlackTitle "GM"]
[WhiteElo "2490"]
[BlackElo "2589"]
[WhiteFideId "349658"]
[BlackFideId "4194985"]
[EventDate "2025.06.10"]

1. c4 c5 2. Nf3 Nf6 3. g3 b6 4. Bg2 Bb7 5. O-O g6 6. Nc3 Bg7 7. d4 cxd4 8. Qxd4
O-O 9. Qh4 Bxf3 10. Bxf3 Nc6 11. Bh6 Bxh6 12. Qxh6 Rc8 13. b3 Ne5 14. Bg2 d6 15.
Qd2 Qc7 16. Rad1 a6 17. Rc1 Qb8 18. h3 b5 19. f4 Ned7 20. cxb5 axb5 21. b4 Rc4
22. a3 Rfc8 23. Nd5 Nxd5 24. Bxd5 Qa7+ 25. Kg2 Rxc1 26. Rxc1 Rxc1 27. Qxc1 Nf6
28. Bf3 e5 29. fxe5 dxe5 30. Qc6 Kg7 31. g4 h6 32. h4 Qe3 33. Qxb5 e4 34. Qc5
exf3+ 35. exf3 Qxa3 36. Qd4 g5 37. hxg5 hxg5 38. b5 Qa2+ 39. Kg3 Qb3 40. b6 Kg6
41. Kg2 Nd5 42. Qe4+ Kh6 43. Qe5 Nf4+ 44. Kg3 Qxb6 45. Qh8+ Kg6 46. Qg8+ Kf6 47.
Qh8+ Ke7 48. Qe5+ Ne6 49. Qe1 Qd6+ 50. Kg2 Kf6 51. Qa1+ Kg6 52. Qb1+ Kg7 53.
Qb2+ Qd4 54. Qa2 Nf4+ 55. Kh2 Qe5 56. Kg1 Qe1+ 57. Kh2 Qh4+ 58. Kg1 Qg3+ 59. Kh1
Qxf3+ 60. Kg1 Ne2+ 61. Kh2 Qf2+ 62. Kh1 Ng3# 0-1

[Event "Titled Tue 10th Jun Late"]
[Site "chess.com INT"]
[Date "2025.06.10"]
[Round "7"]
[White "Goryachkina, Aleksandra"]
[Black "Ersoz, Teoman Guney"]
[Result "1/2-1/2"]
[WhiteTitle "GM"]
[BlackTitle "CM"]
[WhiteElo "2533"]
[BlackElo "2052"]
[WhiteFideId "4147103"]
[BlackFideId "44537050"]
[EventDate "2025.06.10"]

1. e4 c5 2. Nf3 g6 3. c4 Nc6 4. d4 cxd4 5. Nxd4 Nf6 6. Nc3 Nxd4 7. Qxd4 d6 8.
Be2 Bg7 9. Qd3 O-O 10. O-O Be6 11. Be3 Qa5 12. Rac1 Rfc8 13. b3 a6 14. Bd2 b5
15. Nxb5 Qxa2 16. Nd4 Nxe4 17. Qxe4 Qxd2 18. Nxe6 fxe6 19. Qxe6+ Kh8 20. Bf3
Rab8 21. Qxe7 Rxb3 22. Rcd1 Qf4 23. Bd5 Rf8 24. c5 Rb2 25. g3 Qf5 26. cxd6 Rxf2
27. Qxf8+ Qxf8 28. Rxf2 Qxd6 29. Kg2 h5 30. Bf3 Qb4 31. Re2 a5 32. Rd7 Qc4 33.
Re8+ Kh7 34. Ree7 Qc2+ 35. Be2 Kh6 36. h4 Qc6+ 37. Bf3 Qc2+ 38. Be2 a4 39. Rxg7
Qxe2+ 40. Kh3 Qf1+ 41. Kh2 Qf2+ 42. Kh3 Qf5+ 43. Kh2 Qf2+ 44. Kh3 Qf1+ 45. Kh2
Qe2+ 46. Kh3 Qe6+ 47. Kh2 Qe2+ 48. Kh3 1/2-1/2

[Event "Titled Tue 10th Jun Late"]
[Site "chess.com INT"]
[Date "2025.06.10"]
[Round "7"]
[White "Manzone, Alessandro"]
[Black "Aradhya, Garg"]
[Result "0-1"]
[WhiteTitle "FM"]
[BlackTitle "IM"]
[WhiteElo "2397"]
[BlackElo "2370"]
[WhiteFideId "112488"]
[BlackFideId "25006746"]
[EventDate "2025.06.10"]

1. d4 d5 2. c4 e6 3. Nf3 Nf6 4. g3 Bd6 5. Bg2 O-O 6. O-O Nc6 7. Nc3 dxc4 8. Qa4
e5 9. dxe5 Nxe5 10. Nxe5 Bxe5 11. Qxc4 c6 12. Rd1 Be6 13. Qa4 Qb6 14. Qc2 Rfd8
15. Be3 Qa6 16. Na4 Qc4 17. Qxc4 Bxc4 18. Nc5 Bxb2 19. Rab1 Rxd1+ 20. Rxd1 Nd5
21. Bxd5 cxd5 22. Nxb7 Rb8 23. Na5 Bxa2 24. Nc6 Re8 25. Nxa7 Bc4 26. Rd2 Bc3 27.
Rc2 d4 28. Bxd4 Bxd4 29. Nc6 Bb3 30. Nxd4 Bxc2 31. Nxc2 Rxe2 32. Ne3 g6 33. Kf1
Ra2 34. Kg2 Kg7 35. Kf3 Kf6 36. g4 Ke5 37. h4 Ra3 38. Kg3 Ke4 39. g5 Rxe3+ 40.
fxe3 Kxe3 41. Kg4 Ke4 42. h5 Ke5 0-1

[Event "Titled Tue 10th Jun Late"]
[Site "chess.com INT"]
[Date "2025.06.10"]
[Round "7"]
[White "Watanabe, Akira"]
[Black "Daspres, Loic"]
[Result "0-1"]
[WhiteTitle "FM"]
[BlackTitle "CM"]
[WhiteElo "2284"]
[BlackElo "2207"]
[WhiteFideId "7000227"]
[BlackFideId "20612281"]
[EventDate "2025.06.10"]

1. d4 Nf6 2. c4 e6 3. Nc3 Bb4 4. e3 O-O 5. Bd3 d5 6. cxd5 exd5 7. Ne2 Re8 8. O-O
c6 9. f3 a5 10. a3 Bd6 11. Bd2 Qc7 12. h3 Qe7 13. Qc2 c5 14. Rae1 c4 15. Bf5
Bxf5 16. Qxf5 Qd7 17. Qg5 b6 18. e4 h6 19. Qh4 Be7 20. Qf2 b5 21. e5 Nh7 22. Nf4
b4 23. Ncxd5 Qb7 24. axb4 axb4 25. Ne3 c3 26. bxc3 b3 27. Nf5 Bf8 28. d5 Ra2 29.
e6 Ng5 30. h4 Nh7 31. Qg3 Kh8 32. exf7 Qxf7 33. Ng6+ Kg8 34. Rxe8 Qxe8 35. Bxh6
Bc5+ 36. Kh2 Qf7 37. Ne5 Qc7 38. Bxg7 Bd6 39. Bf6+ Ng5 40. Qxg5+ Kf8 0-1

[Event "Titled Tue 10th Jun Late"]
[Site "chess.com INT"]
[Date "2025.06.10"]
[Round "7"]
[White "Bortnyk, Olexandr"]
[Black "Atanasov, Anthony"]
[Result "1-0"]
[WhiteTitle "GM"]
[BlackTitle "IM"]
[WhiteElo "2601"]
[BlackElo "2417"]
[WhiteFideId "14120828"]
[BlackFideId "2623897"]
[EventDate "2025.06.10"]

1. e4 e5 2. Nf3 Nf6 3. Nxe5 d6 4. Nf3 Nxe4 5. Nc3 Nxc3 6. dxc3 Be7 7. Be3 Nd7 8.
Qd3 O-O 9. O-O-O Nf6 10. h3 c5 11. g4 Be6 12. g5 Nd5 13. Bd2 a5 14. Qe4 a4 15.
a3 Nc7 16. Bd3 g6 17. h4 c4 18. Be2 d5 19. Qe3 Nb5 20. h5 Qd6 21. Nd4 Nxa3 22.
hxg6 hxg6 23. Rh6 Kg7 24. Rdh1 Rh8 25. Qf4 Rxh6 26. gxh6+ Kh7 27. Qxd6 Bxd6 28.
bxa3 Bxa3+ 29. Kb1 Bd7 30. Bf3 Ra5 31. Re1 Bd6 32. Bg5 a3 33. Ka2 Ra6 34. Bxd5
Ra5 35. Bxf7 Rxg5 36. Bxc4 Kxh6 37. Be6 Bxe6+ 38. Nxe6 Re5 39. Rxe5 Bxe5 40. c4
Bb2 41. c5 g5 42. f3 Kg6 43. Nd8 Kf5 44. Nxb7 Kf4 45. Nd6 Be5 46. Nf7 Bc7 47.
Kxa3 Kxf3 48. Nxg5+ Ke3 49. Kb4 Kd2 50. c4 Kd3 51. c6 Bd6+ 52. Kb5 Kc3 53. Ne6
Kb3 54. c7 1-0

[Event "Titled Tue 10th Jun Late"]
[Site "chess.com INT"]
[Date "2025.06.10"]
[Round "7"]
[White "Shapiro, Daniel"]
[Black "Bogaudinov, Rushan"]
[Result "1-0"]
[WhiteTitle "FM"]
[BlackTitle "FM"]
[WhiteElo "2284"]
[BlackElo "1912"]
[WhiteFideId "2001780"]
[BlackFideId "4129288"]
[EventDate "2025.06.10"]

1. d4 a6 2. c4 e6 3. a3 Nf6 4. Nc3 d5 5. cxd5 exd5 6. Bf4 Nc6 7. e3 Bd6 8. Bg3
O-O 9. Bd3 h6 10. Nf3 Bg4 11. Qc2 Bxg3 12. hxg3 Re8 13. O-O Qd6 14. b4 Nh5 15.
Rfe1 g6 16. Na4 Rad8 17. Rac1 Ng7 18. Nc5 Bc8 19. Nxa6 Ne6 20. Nc5 Nxc5 21. Qxc5
Qxc5 22. Rxc5 Re7 23. Rec1 Bg4 24. b5 Bxf3 25. gxf3 Na5 26. Rxc7 Rdd7 27. Rxd7
Rxd7 28. b6 Rd6 29. Rb1 Kg7 30. Rb5 Nc6 31. a4 Kf6 32. a5 Nb8 33. Rc5 Ke6 34.
Rc7 Nc6 35. a6 bxa6 36. b7 Nb8 37. Rc8 Nd7 38. b8=Q Nxb8 39. Rxb8 Kf6 40. Ra8
Kg7 41. Rxa6 Rd7 42. Ra5 Kf6 43. Bb1 Rb7 44. Ba2 Rb2 45. Bxd5 Rb1+ 46. Kg2 Rb8
47. Ra7 Rf8 48. Rxf7+ Rxf7 49. Bxf7 Kxf7 50. e4 Ke6 51. f4 Kd6 52. g4 Ke6 53.
Kg3 Kf6 54. e5+ Ke6 55. Kf3 Kd5 56. Ke3 h5 57. gxh5 gxh5 58. f5 h4 59. f6 h3 60.
Kf3 Ke6 61. Kg3 h2 62. Kxh2 1-0

[Event "Titled Tue 10th Jun Late"]
[Site "chess.com INT"]
[Date "2025.06.10"]
[Round "7"]
[White "Sivakumar, Ashvin"]
[Black "Dilanyan, Grigor"]
[Result "0-1"]
[WhiteTitle "FM"]
[BlackTitle "FM"]
[WhiteElo "2175"]
[BlackElo "2191"]
[WhiteFideId "5804655"]
[BlackFideId "13303570"]
[EventDate "2025.06.10"]

1. Nf3 Nf6 2. g3 g6 3. Bg2 Bg7 4. O-O O-O 5. d4 c5 6. d5 d6 7. c4 b5 8. cxb5 a6
9. bxa6 Bxa6 10. Nc3 Nbd7 11. Qc2 Nb6 12. Rd1 Qd7 13. Bg5 Rfb8 14. b3 h6 15. Bf4
c4 16. Nd4 Bb7 17. bxc4 Nxc4 18. Nc6 Rc8 19. Rac1 g5 20. Bd2 Ng4 21. Be1 Nge5
22. Qe4 Nxc6 23. dxc6 Bxc6 24. Nd5 e6 25. Qxc4 Bxd5 26. Qd3 Bxg2 27. Kxg2 Rxc1
28. Rxc1 Rxa2 29. Kg1 Ra8 30. e4 Be5 31. Rd1 Qc6 32. Bb4 Rb8 33. Bd2 Rb2 34. Re1
Qc5 35. Be3 Qb5 36. Qd1 Kg7 37. Qh5 Qb4 38. Rf1 Qxe4 39. Qd1 d5 40. Re1 Qf5 41.
Bc1 Rb4 42. Be3 Re4 43. Qe2 d4 44. Qd3 dxe3 45. Rxe3 Rxe3 46. Qxe3 Bf6 47. Kg2
g4 48. f3 gxf3+ 49. Qxf3 Qxf3+ 50. Kxf3 Kg6 51. g4 Be5 52. h3 Bf6 53. Kg3 Bg5
54. Kf3 Kf6 55. Kg3 Ke5 56. Kf3 f5 57. Kg3 0-1

[Event "Titled Tue 10th Jun Late"]
[Site "chess.com INT"]
[Date "2025.06.10"]
[Round "7"]
[White "Deveci, Huseyin Said"]
[Black "Lin, Bryan Enming"]
[Result "1/2-1/2"]
[WhiteTitle "CM"]
[BlackTitle "FM"]
[WhiteElo "2212"]
[BlackElo "2343"]
[WhiteFideId "26322455"]
[BlackFideId "30987121"]
[EventDate "2025.06.10"]

1. e4 c5 2. Nc3 Nc6 3. Bb5 Nd4 4. Nf3 a6 5. Bd3 g6 6. Nxd4 cxd4 7. Ne2 Bg7 8. c3
dxc3 9. dxc3 d6 10. O-O Nf6 11. Bg5 h6 12. Bf4 O-O 13. Qd2 Kh7 14. Rad1 Qa5 15.
a3 e5 16. Bg3 d5 17. Bxe5 dxe4 18. Bxf6 Bxf6 19. Bxe4 Kg7 20. Nf4 Bg4 21. f3
Rad8 22. Qf2 Bc8 23. Nd5 Be5 24. f4 Bb8 25. Qd4+ f6 26. Qd3 Qc5+ 27. Kh1 f5 28.
Bf3 Bxf4 29. b4 Qa7 30. c4 Qb8 31. Rfe1 Bxh2 32. Re7+ Rf7 33. Qc3+ Kg8 34. Rxf7
Be5 35. Qe3 Kxf7 36. Re1 Re8 37. c5 Bd7 38. Nb6 Bc6 39. Qb3+ Kg7 40. Bxc6 bxc6
41. Nd7 Qc7 42. Nxe5 Rxe5 43. Qc3 Kf6 44. Qd4 Ke6 45. Qc4+ Kf6 46. Qd4 Ke6 47.
Qc4+ Ke7 48. Rxe5+ Qxe5 49. Qxa6 Qe1+ 50. Kh2 Qh4+ 51. Kg1 Qd4+ 52. Kh2 Qf4+ 53.
Kh1 Qh4+ 54. Kg1 Qe1+ 55. Kh2 Qh4+ 56. Kg1 1/2-1/2

[Event "Titled Tue 10th Jun Late"]
[Site "chess.com INT"]
[Date "2025.06.10"]
[Round "7"]
[White "Kosteniuk, Alexandra"]
[Black "Aliyev, Elnur"]
[Result "1-0"]
[WhiteTitle "GM"]
[BlackTitle "CM"]
[WhiteElo "2474"]
[BlackElo "2123"]
[WhiteFideId "4128125"]
[BlackFideId "13402617"]
[EventDate "2025.06.10"]

1. e4 d5 2. exd5 Qxd5 3. Nc3 Qd8 4. d4 Nf6 5. Nf3 g6 6. Bc4 Bg7 7. h3 a6 8. a4
O-O 9. O-O Nc6 10. Be3 b6 11. d5 Nb4 12. a5 Bb7 13. axb6 cxb6 14. Bd4 b5 15.
Bxf6 Bxf6 16. Bb3 Bxc3 17. bxc3 Nxd5 18. Qd2 e6 19. c4 bxc4 20. Bxc4 Nb6 21. Be2
Qxd2 22. Nxd2 Rfd8 23. Nb3 Rac8 24. Rfc1 Nd5 25. c4 Nf4 26. Bf1 Nd3 27. Rd1 Nb4
28. Rxd8+ Rxd8 29. c5 Bd5 30. Na5 Rc8 31. Rc1 Rc7 32. f3 Nc6 33. Nc4 Bxc4 34.
Bxc4 a5 35. Bb5 Kg7 36. Kf2 Nd4 37. Ba4 e5 38. c6 Kf6 39. Rc5 Ke6 40. Rxa5 f6
41. f4 Nxc6 42. Ra6 Kd5 43. fxe5 fxe5 44. Ke3 Nd4 45. Ra5+ Kc4 46. Rxe5 Nf5+ 47.
Kf4 Re7 48. g4 Rxe5 49. Kxe5 Nh4 50. Bc6 Kd3 51. Kf4 Kd4 52. Kg5 1-0

[Event "Titled Tue 10th Jun Late"]
[Site "chess.com INT"]
[Date "2025.06.10"]
[Round "7"]
[White "Sheehan, Ethan"]
[Black "Kislinsky, Alexey"]
[Result "1-0"]
[BlackTitle "GM"]
[WhiteElo "2364"]
[BlackElo "2341"]
[WhiteFideId "30943965"]
[BlackFideId "14108801"]
[EventDate "2025.06.10"]

1. d4 d5 2. Nf3 Nf6 3. Bf4 e6 4. e3 c5 5. Nbd2 Bd6 6. dxc5 Bxc5 7. c4 Nc6 8. a3
O-O 9. Rc1 Be7 10. Bd3 dxc4 11. Nxc4 b5 12. Nce5 Nxe5 13. Nxe5 Bb7 14. O-O Qd5
15. f3 Rfd8 16. Qe2 Rac8 17. Rcd1 Qc5 18. Bxb5 Nd5 19. Kh1 Nxf4 20. exf4 Rxd1
21. Rxd1 Bd5 22. h3 h6 23. f5 Qc2 24. fxe6 Bxe6 25. Qxc2 Rxc2 26. b4 Bf6 27. Nd7
Bb2 28. Nc5 Bxa3 29. Rd8+ Kh7 30. Bd3+ g6 31. Bxc2 Bc4 32. Rd4 Bb5 33. Bb3 Bb2
34. Re4 a6 35. Re7 Bc3 36. Rxf7+ Kh8 37. Rb7 Bxb4 38. Nxa6 Bxa6 39. Rxb4 Kg7 40.
Rb6 Bd3 41. Bd5 g5 42. Be4 Bc4 43. Rg6+ Kf7 44. Rxh6 Be6 45. Rxe6 Kxe6 46. Kh2
Ke5 47. Kg3 Kf6 48. Kg4 Ke5 49. Kxg5 Ke6 50. h4 Kf7 51. h5 Kg7 52. h6+ Kh8 53.
Kg6 Kg8 54. f4 Kh8 55. f5 Kg8 56. f6 Kh8 57. g3 Kg8 58. f7+ Kf8 59. h7 Ke7 60.
h8=Q Ke6 61. f8=Q Kd7 62. Qhf6 Kc7 63. Q8e7+ Kb8 64. Qff8# 1-0

[Event "Titled Tue 10th Jun Late"]
[Site "chess.com INT"]
[Date "2025.06.10"]
[Round "7"]
[White "Venkatesh, Narayan"]
[Black "Md Abu Hanif"]
[Result "1-0"]
[WhiteTitle "FM"]
[BlackTitle "CM"]
[WhiteElo "2168"]
[BlackElo "2100"]
[WhiteFideId "30987881"]
[BlackFideId "10200835"]
[EventDate "2025.06.10"]

1. g3 d5 2. Bg2 c6 3. c4 dxc4 4. Qc2 Nf6 5. Qxc4 e5 6. Nc3 Be6 7. Qa4 Nbd7 8.
Nf3 Bd6 9. d3 O-O 10. O-O Nc5 11. Qc2 Rc8 12. h3 Bb8 13. Be3 Ncd7 14. d4 Re8 15.
Rfd1 Qa5 16. a3 h6 17. b4 Qc7 18. Rac1 e4 19. Nd2 Bf5 20. Nc4 Nb6 21. Bf4 Qe7
22. Ne3 Bg6 23. Bxb8 Rxb8 24. Qb3 Rbd8 25. a4 Nbd5 26. Ncxd5 Nxd5 27. b5 Nxe3
28. Qxe3 cxb5 29. axb5 Kh7 30. Qb3 e3 31. f4 Be4 32. d5 Bxg2 33. Kxg2 Qe4+ 34.
Kg1 h5 35. h4 Rd6 36. Rc4 Qf5 37. Kh2 Rxd5 38. Rxd5 Qxd5 39. Qc2+ g6 40. Rc7 Kg8
41. f5 Qd2 42. Qc4 Rf8 43. fxg6 Qe1 44. gxf7+ Kg7 45. Qd4+ Kh7 46. Qe4+ Kg7 47.
Qe5+ Kg6 48. Qg5+ Kh7 49. Qxh5+ Kg7 50. Qg5+ Kh7 51. Qxe3 Qb1 52. Qd3+ Qxd3 53.
exd3 a5 54. Rxb7 a4 55. g4 1-0